1388 1015 1329 1213 1567 1752 1531 1303 1265 1695 1409 1673 1813 1733 1707 1254 1212 1752 1983 1670 1370 1675 1544 1016 1118 1268 1363 1865 1084 1120 1550 1886 1645 1304 1602 1177 1396 1874 1831 1751 1601 1477 1961 1139 1939 1837 1635 1251 1359 1908 1530 1935 1938 1868 1698 1718 1638 1262 1536 1644 1661 1963 1202 1576 1770 1523 1570 1227 1265 1276 1714 1261 1189 1951 1925 1199 1074 1882 1376 1837 1943 1446 1817 1020 1768 1043 1292 1835 1829 1206 1380 1340 1568 1730 1681 1089 1926 1135 1207 BCNSPRNW ULIB Ver.6.0+V

เปลี่ยนเป็นภาษาไทย

Change to English
 แสดงรายละเอียดบรรณานุกรม
  กลับหน้าหลัก

Brief Record : Get Marc (ISO 2709) : E-mail record : QR code < ปิดหน้าต่าง
LEADER : 00000nam 2200000uu 4500
001    13399114315
003     ULIB
008    110422s||||||||th 000 0 tha d
020    9789741957026
060 04 WY105^bอ274ก
100 0  อมร สุวรรณนิมิตร
245 10 การบริหารการพยาบาล =^bNursing Administration./^cอมร สุวรรณนิมิตร
246 31 Nursing Administration.
250    พิมพ์ครั้งที่ 1
260    มหาสารคราม :^bคณะพยาบาลศาสตร์ มหาวิทยาลัยมหาสารคราม,^c2553
300    311 หน้า
650  7 การพยาบาล^xการบริหาร
650  7 การบริหารการพยาบาล
710 2  มหาวิทยาลัยมหาสารคราม. ^bคณะพยาบาลศาสตร์
945    ^p0^l0^i031377
995    เกษร
999    ^aใช้งานได้ทุกระบบ
รายการนี้ยังไม่มีแท็ก
คุณยังไม่ได้ล็อกอิน คุณสามารถมีกิจกรรมร่วมกับเว็บไซต์ได้ แต่ต้องล็อกอินก่อน ::
  ล็อกอิน

รายการสื่อสารสนเทศ

ลำดับที่ ประเภท เลขเรียก/บาร์โค้ด สถานที่ สถานะ
1. วิทยาศาสตร์การแพทย์ และสุขภาพ
หนังสือสำรอง
สถานะ=หนังสือสำรอง
WY105 อ274ก ฉ.1 
  Barcode: 031377
ห้องสมุดวิทยาเขตสวรรค์ประชารักษ์
►ส่วนจัดเก็บหนังสือเก่า สปร
บนชั้น
  ขอยืม

รายการใกล้เคียง
    ผู้แต่ง [อมร สุวรรณนิมิตร]

    หัวเรื่อง [การบริหารการพยาบาล]

BibComment


ยังไม่เคยถูกคอมเมนท์

คอมเมนท์ทรัพยากรรายการนี้
  คอมเมนท์: การบริหารการพยาบา..


 Copyright 2026. Bcnsprnw @Library